[Event "Charlotte Holiday op"]
[Site "Charlotte USA"]
[Date "2021.12.28"]
[Round "5.4"]
[White "Preotu, Razvan"]
[Black "Balakrishnan, Praveen"]
[Result "1/2-1/2"]
[WhiteElo "2473"]
[BlackElo "2524"]
[WhiteFideId "-1"]
[WhiteFideId "-1"]
[PlyCount "226"]
[GameId "2129404727552054"]
[EventDate "2021.12.26"]
[EventType "swiss"]
[EventRounds "9"]
[EventCountry "USA"]
[SourceTitle "10 Days #673"]
[Source "ChessMix"]
[SourceDate "2022.01.01"]
[SourceVersion "1"]
[SourceVersionDate "2022.01.01"]
[SourceQuality "1"]

1. e4 {[%emt 0:00:59]} c6 {[%emt 0:08:57]} 2. Nc3 {[%emt 0:00:14]} d5 {[%emt 0:00:07]} 3. Nf3 {[%emt 0:00:06]} dxe4 {[%emt 0:00:26]} 4. Nxe4 {[%emt 0:00:07]} Nf6 {[%emt 0:00:08]} 5. Qe2 {[%emt 0:00:07]} Nxe4 {[%emt 0:00:21]} 6. Qxe4 {[%emt 0:00:08]} Nd7 {[%emt 0:00:06]} 7. d4 {[%emt 0:02:37]} Nf6 {[%emt 0:00:14]} 8. Qf4 {[%emt 0:00:10]} Nd5 {[%emt 0:00:12]} 9. Qd2 {[%emt 0:00:16]} Bf5 {[%emt 0:00:52]} 10. Bd3 {[%emt 0:00:13]} Bxd3 {[%emt 0:00:14]} 11. Qxd3 {[%emt 0:00:07]} e6 {[%emt 0:00:36]} 12. O-O {[%emt 0:00:12]} Bd6 {[%emt 0:00:17]} 13. c4 {[%emt 0:00:26]} Nf6 {[%emt 0:00:11]} 14. Re1 {[%emt 0:03:04]} O-O {[%emt 0:00:56]} 15. Bd2 {[%emt 0:02:47]} a5 {[%emt 0:06:39]} 16. a4 {[%emt 0:01:46]} Qc7 {[%emt 0:04:29]} 17. Bc3 {[%emt 0:00:37]} Be7 {[%emt 0:03:47]} 18. Re5 {[%emt 0:05:39]} Rfd8 {[%emt 0:03:15]} 19. Rae1 {[%emt 0:03:31]} h6 {[%emt 0:02:10]} 20. h3 {[%emt 0:04:06]} Ne8 {[%emt 0:06:26]} 21. b3 {[%emt 0:21:53]} Bf6 {[%emt 0:09:21]} 22. Rh5 {[%emt 0:00:39]} Be7 {[%emt 0:10:59]} 23. g4 {[%emt 0:14:39]} Nf6 {[%emt 0:04:04]} 24. Rhe5 {[%emt 0:02:32]} Nd7 {[%emt 0:03:11]} 25. R5e2 {[%emt 0:02:25]} Nf8 {[%emt 0:04:28]} 26. Qc2 {[%emt 0:04:05]} Bf6 {[%emt 0:07:13]} 27. h4 {[%emt 0:00:46]} Ng6 {[%emt 0:09:08]} 28. Rxe6 {[%emt 0:14:17]} fxe6 {[%emt 0:00:50]} 29. Qxg6 {[%emt 0:00:07]} Qf7 {[%emt 0:04:55]} 30. Qxf7+ {[%emt 0:00:07]} Kxf7 {[%emt 0:00:05]} 31. g5 {[%emt 0:00:06]} Be7 {[%emt 0:01:55]} 32. Re4 {[%emt 0:00:08]} hxg5 {[%emt 0:02:25]} 33. hxg5 {[%emt 0:00:06]} Bd6 {[%emt 0:00:12]} 34. g6+ {[%emt 0:03:13]} Kxg6 {[%emt 0:01:14]} 35. Rxe6+ {[%emt 0:00:25]} Kf7 {[%emt 0:05:25]} 36. d5 {[%emt 0:01:24]} cxd5 {[%emt 0:00:27]} 37. cxd5 {[%emt 0:00:05]} Bf8 {[%emt 0:01:00]} 38. Rb6 {[%emt 0:02:18]} Rxd5 {[%emt 0:00:14]} 39. Rxb7+ {[%emt 0:00:04]} Kg8 {[%emt 0:00:43]} 40. Ne5 {[%emt 0:03:25]} Bb4 {[%emt 0:00:56]} 41. Bxb4 {[%emt 0:01:43]} Rxe5 {[%emt 0:00:17]} 42. Bc3 {[%emt 0:00:07]} Rg5+ {[%emt 0:00:29]} 43. Kf1 {[%emt 0:00:05]} Rc8 {[%emt 0:00:40]} 44. Bd4 {[%emt 0:00:12]} Rc2 {[%emt 0:00:53]} 45. Be3 {[%emt 0:00:06]} Rd5 {[%emt 0:00:34]} 46. Kg2 {[%emt 0:01:11]} Rd3 {[%emt 0:00:23]} 47. Kf3 {[%emt 0:00:10]} Rb2 {[%emt 0:00:18]} 48. Rb5 {[%emt 0:00:07]} Rdxb3 {[%emt 0:00:16]} 49. Rxa5 {[%emt 0:00:08]} Ra2 {[%emt 0:00:11]} 50. Kg3 {[%emt 0:06:40]} Rba3 {[%emt 0:00:15]} 51. Ra7 {[%emt 0:00:18]} Rxa4 {[%emt 0:00:09]} 52. Rxa4 {[%emt 0:00:26]} Rxa4 {[%emt 0:00:04]} 53. f3 {[%emt 0:00:09]} Kf7 {[%emt 0:00:21]} 54. Bc5 {[%emt 0:01:48]} Kf6 {[%emt 0:00:13]} 55. Bd6 {[%emt 0:00:12]} Kf5 {[%emt 0:00:12]} 56. Bc7 {[%emt 0:00:13]} Ra6 {[%emt 0:00:26]} 57. Kf2 {[%emt 0:00:27]} Rc6 {[%emt 0:00:35]} 58. Bb8 {[%emt 0:00:18]} Kg5 {[%emt 0:00:37]} 59. Bg3 {[%emt 0:03:01]} Rc2+ {[%emt 0:00:08]} 60. Kf1 {[%emt 0:00:05]} Kf5 {[%emt 0:00:53]} 61. Kg1 {[%emt 0:00:14]} Ke6 {[%emt 0:00:23]} 62. Kf1 {[%emt 0:00:05]} Kd5 {[%emt 0:00:07]} 63. Bb8 {[%emt 0:00:35]} Rb2 {[%emt 0:00:36]} 64. Bg3 {[%emt 0:00:23]} Kd4 {[%emt 0:00:39]} 65. Bf2+ {[%emt 0:00:12]} Kd3 {[%emt 0:00:13]} 66. Bc5 {[%emt 0:00:10]} Rb7 {[%emt 0:02:52]} 67. Kf2 {[%emt 0:00:07]} Rf7 {[%emt 0:00:20]} 68. Bb6 {[%emt 0:00:35]} Rb7 {[%emt 0:00:52]} 69. Bc5 {[%emt 0:00:06]} Rb2+ {[%emt 0:00:10]} 70. Kf1 {[%emt 0:00:07]} Kc4 {[%emt 0:00:46]} 71. Be3 {[%emt 0:00:17]} Kd5 {[%emt 0:00:10]} 72. Bf2 {[%emt 0:00:48]} Ke5 {[%emt 0:00:21]} 73. Bg3+ {[%emt 0:00:11]} Kf5 {[%emt 0:00:19]} 74. Bd6 {[%emt 0:00:18]} Kg5 {[%emt 0:00:32]} 75. Be5 {[%emt 0:00:32]} Rb1+ {[%emt 0:00:11]} 76. Kf2 {[%emt 0:00:06]} g6 {[%emt 0:00:14]} 77. Bg3 {[%emt 0:00:11]} Rb3 {[%emt 0:00:30]} 78. Kg2 {[%emt 0:00:16]} Rb2+ {[%emt 0:00:24]} 79. Kf1 {[%emt 0:00:07]} Rc2 {[%emt 0:00:22]} 80. Kg1 {[%emt 0:00:07]} Kf5 {[%emt 0:00:17]} 81. Kf1 {[%emt 0:00:08]} Ke6 {[%emt 0:00:19]} 82. Bf2 {[%emt 0:00:23]} Ke5 {[%emt 0:00:39]} 83. Bg3+ {[%emt 0:00:07]} Kd4 {[%emt 0:00:06]} 84. Bf2+ {[%emt 0:00:04]} Kd3 {[%emt 0:00:05]} 85. Bb6 {[%emt 0:00:13]} Rc6 {[%emt 0:02:17]} 86. Ba7 {[%emt 0:00:12]} Kd2 {[%emt 0:00:15]} 87. Kf2 {[%emt 0:00:12]} Re6 {[%emt 0:00:12]} 88. Bc5 {[%emt 0:00:14]} Rf6 {[%emt 0:01:00]} 89. Be3+ {[%emt 0:00:18]} Kd3 {[%emt 0:00:06]} 90. Ba7 {[%emt 0:01:02]} Kc4 {[%emt 0:01:13]} 91. Be3 {[%emt 0:00:15]} Kd5 {[%emt 0:00:06]} 92. Ba7 {[%emt 0:00:21]} Rf8 {[%emt 0:00:23]} 93. Bb6 {[%emt 0:01:01]} Rc8 94. Be3 {[%emt 0:02:00]} Rc2+ {[%emt 0:00:14]} 95. Kf1 {[%emt 0:00:11]} Ke5 {[%emt 0:00:18]} 96. Ke1 {[%emt 0:00:12]} Rc3 {[%emt 0:01:12]} 97. Kf2 {[%emt 0:00:15]} Kf5 {[%emt 0:00:44]} 98. Ke2 {[%emt 0:00:07]} Ra3 {[%emt 0:00:38]} 99. Kf2 {[%emt 0:00:09]} Ra2+ {[%emt 0:00:36]} 100. Kf1 {[%emt 0:00:10]} g5 {[%emt 0:00:25]} 101. Ke1 {[%emt 0:00:44]} Kg6 {[%emt 0:00:19]} 102. Kf1 {[%emt 0:00:21]} Rb2 {[%emt 0:00:20]} 103. Bf2 {[%emt 0:00:55]} Kh5 {[%emt 0:00:25]} 104. Bg3 {[%emt 0:00:12]} Rb3 {[%emt 0:00:14]} 105. Kf2 {[%emt 0:00:09]} Rb2+ {[%emt 0:00:04]} 106. Kf1 {[%emt 0:00:06]} g4 {[%emt 0:00:03]} 107. fxg4+ {[%emt 0:00:06]} Kxg4 {[%emt 0:00:04]} 108. Be5 {[%emt 0:00:12]} Rb5 {[%emt 0:00:17]} 109. Bd6 {[%emt 0:00:12]} Kf3 {[%emt 0:00:18]} 110. Kg1 {[%emt 0:01:05]} Rg5+ {[%emt 0:00:21]} 111. Kh1 {[%emt 0:00:17]} Kf2 {[%emt 0:00:08]} 112. Bc7 {[%emt 0:00:23]} Rh5+ {[%emt 0:01:22]} 113. Bh2 {[%emt 0:00:07]} Rh8 {[%emt 0:00:10]} 1/2-1/2

[Event "Charlotte Holiday op"]
[Site "Charlotte USA"]
[Date "2021.12.29"]
[Round "6.7"]
[White "Ringoir, Tanguy"]
[Black "Preotu, Razvan"]
[Result "1-0"]
[WhiteElo "2486"]
[BlackElo "2473"]
[WhiteFideId "-1"]
[WhiteFideId "-1"]
[PlyCount "67"]
[GameId "2129404727552076"]
[EventDate "2021.12.26"]
[EventType "swiss"]
[EventRounds "9"]
[EventCountry "USA"]
[SourceTitle "10 Days #673"]
[Source "ChessMix"]
[SourceDate "2022.01.01"]
[SourceVersion "1"]
[SourceVersionDate "2022.01.01"]
[SourceQuality "1"]

1. d4 {[%emt 0:00:03]} Nf6 {[%emt 0:00:09]} 2. c4 {[%emt 0:00:09]} g6 {[%emt 0:00:08]} 3. Nc3 {[%emt 0:00:05]} d5 {[%emt 0:00:07]} 4. cxd5 {[%emt 0:00:44]} Nxd5 {[%emt 0:00:07]} 5. e4 {[%emt 0:00:05]} Nxc3 {[%emt 0:00:07]} 6. bxc3 {[%emt 0:00:05]} Bg7 {[%emt 0:00:08]} 7. Nf3 {[%emt 0:00:24]} c5 {[%emt 0:00:11]} 8. Be3 {[%emt 0:00:26]} Bg4 {[%emt 0:01:50]} 9. Rb1 {[%emt 0:11:53]} Nc6 {[%emt 0:01:48]} 10. Rxb7 {[%emt 0:09:26]} cxd4 {[%emt 0:00:11]} 11. cxd4 {[%emt 0:00:40]} Bxf3 {[%emt 0:00:18]} 12. gxf3 {[%emt 0:04:25]} O-O {[%emt 0:08:07]} 13. d5 {[%emt 0:02:17]} Ne5 {[%emt 0:00:25]} 14. Be2 {[%emt 0:02:51]} Qa5+ {[%emt 0:02:11]} 15. Kf1 {[%emt 0:00:12]} Qxa2 {[%emt 0:05:15]} 16. Rxe7 {[%emt 0:02:28]} Nc4 {[%emt 0:09:40]} 17. Bxc4 {[%emt 0:07:16]} Qxc4+ {[%emt 0:00:05]} 18. Qe2 {[%emt 0:00:04]} Qb4 {[%emt 0:00:54]} 19. Rxa7 {[%emt 0:04:54]} Rxa7 {[%emt 0:00:14]} 20. Bxa7 {[%emt 0:00:02]} Ra8 {[%emt 0:00:59]} 21. Be3 {[%emt 0:04:16]} Qb3 {[%emt 0:00:58]} 22. Kg2 {[%emt 0:01:48]} Ra2 {[%emt 0:00:09]} 23. Qe1 {[%emt 0:01:04]} Be5 {[%emt 0:06:56]} 24. Bh6 {[%emt 0:06:42]} f6 {[%emt 0:02:59]} 25. Qd1 {[%emt 0:03:15]} Qb6 {[%emt 0:02:02]} 26. Rf1 {[%emt 0:03:28]} Kf7 {[%emt 0:02:26]} 27. f4 {[%emt 0:04:59]} Bd4 {[%emt 0:00:27]} 28. Qg4 {[%emt 0:00:25]} Qd6 {[%emt 0:00:56]} 29. Qc8 {[%emt 0:03:46]} Qe7 {[%emt 0:02:39]} 30. e5 {[%emt 0:00:11]} fxe5 {[%emt 0:00:57]} 31. Qh8 {[%emt 0:00:31]} Qd6 {[%emt 0:03:29]} 32. Qxh7+ {[%emt 0:01:03]} Ke8 {[%emt 0:00:06]} 33. Qg8+ {[%emt 0:00:10]} Kd7 {[%emt 0:00:05]} 34. Bg5 {[%emt 0:04:28]} 1-0

[Event "Charlotte Holiday op"]
[Site "Charlotte USA"]
[Date "2021.12.29"]
[Round "7.8"]
[White "Preotu, Razvan"]
[Black "Park, Evan"]
[Result "1/2-1/2"]
[WhiteElo "2473"]
[BlackElo "2310"]
[WhiteFideId "-1"]
[WhiteFideId "-1"]
[PlyCount "153"]
[GameId "2129404727552096"]
[EventDate "2021.12.26"]
[EventType "swiss"]
[EventRounds "9"]
[EventCountry "USA"]
[SourceTitle "10 Days #673"]
[Source "ChessMix"]
[SourceDate "2022.01.01"]
[SourceVersion "1"]
[SourceVersionDate "2022.01.01"]
[SourceQuality "1"]

1. e4 {[%emt 0:00:04]} e5 {[%emt 0:00:30]} 2. Nf3 {[%emt 0:00:09]} Nc6 {[%emt 0:00:05]} 3. Bc4 {[%emt 0:00:11]} Bc5 {[%emt 0:00:06]} 4. c3 {[%emt 0:00:10]} Nf6 {[%emt 0:00:04]} 5. d3 {[%emt 0:00:18]} d6 {[%emt 0:00:13]} 6. O-O {[%emt 0:00:12]} a5 {[%emt 0:01:16]} 7. Re1 {[%emt 0:01:29]} O-O {[%emt 0:00:12]} 8. Bb5 {[%emt 0:01:37]} Ba7 {[%emt 0:10:57]} 9. h3 {[%emt 0:00:40]} Ne7 {[%emt 0:07:04]} 10. Nbd2 {[%emt 0:02:42]} Ng6 {[%emt 0:00:50]} 11. d4 {[%emt 0:00:47]} h6 {[%emt 0:04:25]} 12. Ba4 {[%emt 0:20:08]} c6 {[%emt 0:06:44]} 13. Bc2 {[%emt 0:00:28]} Be6 {[%emt 0:05:28]} 14. Nf1 {[%emt 0:00:24]} Re8 {[%emt 0:04:03]} 15. Ng3 {[%emt 0:00:16]} Qc7 {[%emt 0:00:27]} 16. Be3 {[%emt 0:01:04]} b5 {[%emt 0:10:55]} 17. b3 {[%emt 0:17:01]} Rad8 {[%emt 0:07:23]} 18. Qe2 {[%emt 0:02:19]} Bb6 {[%emt 0:06:01]} 19. Rad1 {[%emt 0:02:03]} Bc8 {[%emt 0:02:24]} 20. c4 {[%emt 0:03:15]} bxc4 {[%emt 0:00:26]} 21. Qxc4 {[%emt 0:01:19]} d5 {[%emt 0:07:43]} 22. exd5 {[%emt 0:01:13]} e4 {[%emt 0:02:49]} 23. Ne5 {[%emt 0:00:29]} cxd5 {[%emt 0:00:39]} 24. Qxc7 {[%emt 0:00:15]} Bxc7 {[%emt 0:00:04]} 25. Nxg6 {[%emt 0:00:19]} fxg6 26. Rc1 {[%emt 0:02:23]} Bb6 {[%emt 0:01:10]} 27. Bd1 {[%emt 0:00:49]} Bd7 {[%emt 0:02:07]} 28. Be2 {[%emt 0:01:05]} Rc8 {[%emt 0:01:15]} 29. Ba6 {[%emt 0:01:13]} Ra8 {[%emt 0:00:49]} 30. Bb7 {[%emt 0:00:19]} Rab8 {[%emt 0:00:13]} 31. Bc6 {[%emt 0:00:22]} Rbc8 {[%emt 0:00:25]} 32. Bxd7 {[%emt 0:00:19]} Nxd7 {[%emt 0:00:18]} 33. Ne2 {[%emt 0:00:11]} Kf7 {[%emt 0:03:20]} 34. Nc3 {[%emt 0:01:16]} Ke6 {[%emt 0:02:16]} 35. Na4 {[%emt 0:00:13]} Ba7 {[%emt 0:00:56]} 36. a3 {[%emt 0:00:22]} g5 {[%emt 0:01:20]} 37. Rb1 {[%emt 0:03:43]} Kd6 {[%emt 0:01:56]} 38. b4 {[%emt 0:03:17]} Rc4 {[%emt 0:02:27]} 39. Nc5 {[%emt 0:00:44]} axb4 {[%emt 0:00:56]} 40. axb4 {[%emt 0:00:06]} Bb6 {[%emt 0:03:29]} 41. f3 {[%emt 0:04:48]} exf3 {[%emt 0:02:26]} 42. Bf4+ {[%emt 0:01:22]} gxf4 {[%emt 0:00:05]} 43. Rxe8 {[%emt 0:00:08]} Rxd4 {[%emt 0:00:06]} 44. Re6+ {[%emt 0:00:40]} Kc7 45. Rxb6 {[%emt 0:01:07]} Kxb6 {[%emt 0:00:03]} 46. Nxd7+ {[%emt 0:00:08]} Kb5 {[%emt 0:01:11]} 47. gxf3 {[%emt 0:00:15]} Rd3 {[%emt 0:00:35]} 48. Ne5 {[%emt 0:05:36]} Re3 {[%emt 0:00:22]} 49. Nf7 {[%emt 0:00:07]} Rxf3 {[%emt 0:01:02]} 50. Nd6+ {[%emt 0:00:07]} Kb6 {[%emt 0:00:02]} 51. b5 {[%emt 0:00:43]} Rc3 {[%emt 0:02:30]} 52. Kf2 {[%emt 0:03:50]} g5 {[%emt 0:00:20]} 53. Ra1 {[%emt 0:01:41]} h5 {[%emt 0:00:09]} 54. Ra8 {[%emt 0:02:55]} Rxh3 {[%emt 0:01:36]} 55. Rc8 {[%emt 0:00:47]} Rb3 {[%emt 0:00:45]} 56. Rc6+ {[%emt 0:00:10]} Ka5 {[%emt 0:00:40]} 57. Rc5 {[%emt 0:11:01]} g4 {[%emt 0:01:12]} 58. Rxd5 {[%emt 0:00:09]} g3+ {[%emt 0:00:28]} 59. Kg2 {[%emt 0:00:36]} Rb2+ {[%emt 0:00:07]} 60. Kf3 {[%emt 0:04:39]} Rf2+ {[%emt 0:00:07]} 61. Ke4 {[%emt 0:00:05]} g2 {[%emt 0:00:31]} 62. Rg5 {[%emt 0:00:08]} f3 {[%emt 0:00:25]} 63. Nc4+ {[%emt 0:01:25]} Kb4 {[%emt 0:00:14]} 64. Ne3 {[%emt 0:00:59]} Rf1 {[%emt 0:00:56]} 65. b6 {[%emt 0:01:55]} g1=Q {[%emt 0:00:08]} 66. b7 {[%emt 0:00:04]} Qh2 {[%emt 0:01:29]} 67. Rg8 {[%emt 0:00:21]} Qh4+ {[%emt 0:00:22]} 68. Kf5 {[%emt 0:00:29]} Qh3+ {[%emt 0:00:42]} 69. Rg4+ {[%emt 0:01:16]} hxg4 {[%emt 0:00:33]} 70. b8=Q+ {[%emt 0:00:07]} Kc3 {[%emt 0:00:17]} 71. Qe5+ {[%emt 0:03:20]} Kd2 {[%emt 0:00:44]} 72. Nc4+ {[%emt 0:00:42]} Kd3 {[%emt 0:00:29]} 73. Qd5+ {[%emt 0:00:43]} Kc3 {[%emt 0:00:08]} 74. Qd2+ {[%emt 0:00:12]} Kxc4 {[%emt 0:00:11]} 75. Qc2+ {[%emt 0:00:05]} Kd4 {[%emt 0:00:58]} 76. Qd2+ {[%emt 0:00:06]} Kc5 {[%emt 0:00:08]} 77. Qc3+ {[%emt 0:00:05]} 1/2-1/2

[Event "Charlotte Holiday op"]
[Site "Charlotte USA"]
[Date "2021.12.30"]
[Round "8.10"]
[White "Wen, Teddie"]
[Black "Preotu, Razvan"]
[Result "0-1"]
[WhiteElo "2054"]
[BlackElo "2473"]
[WhiteFideId "-1"]
[WhiteFideId "-1"]
[PlyCount "108"]
[GameId "2129404727552117"]
[EventDate "2021.12.26"]
[EventType "swiss"]
[EventRounds "9"]
[EventCountry "USA"]
[SourceTitle "10 Days #673"]
[Source "ChessMix"]
[SourceDate "2022.01.01"]
[SourceVersion "1"]
[SourceVersionDate "2022.01.01"]
[SourceQuality "1"]

1. d4 {[%emt 0:05:32]} Nf6 {[%emt 0:00:31]} 2. c4 {[%emt 0:00:04]} g6 {[%emt 0:00:12]} 3. Nc3 {[%emt 0:00:04]} d5 {[%emt 0:00:12]} 4. cxd5 {[%emt 0:00:04]} Nxd5 {[%emt 0:00:07]} 5. e4 {[%emt 0:00:07]} Nxc3 {[%emt 0:00:11]} 6. bxc3 {[%emt 0:00:03]} Bg7 {[%emt 0:00:14]} 7. Bc4 {[%emt 0:00:04]} c5 {[%emt 0:00:18]} 8. Ne2 {[%emt 0:00:03]} Nc6 {[%emt 0:00:36]} 9. Be3 {[%emt 0:00:06]} O-O {[%emt 0:00:16]} 10. O-O {[%emt 0:00:14]} b6 {[%emt 0:00:24]} 11. Rc1 {[%emt 0:00:31]} Bb7 {[%emt 0:00:09]} 12. Qd2 {[%emt 0:00:11]} Rc8 {[%emt 0:00:25]} 13. h4 {[%emt 0:00:23]} e5 {[%emt 0:10:16]} 14. Bg5 {[%emt 0:23:31]} Qd7 {[%emt 0:03:49]} 15. d5 {[%emt 0:01:16]} Na5 {[%emt 0:00:08]} 16. Bd3 {[%emt 0:00:46]} f5 {[%emt 0:00:27]} 17. h5 {[%emt 0:37:23]} f4 {[%emt 0:01:19]} 18. hxg6 {[%emt 0:00:55]} h6 {[%emt 0:06:00]} 19. Bxf4 {[%emt 0:07:38]} exf4 {[%emt 0:00:14]} 20. Nxf4 {[%emt 0:00:03]} c4 {[%emt 0:00:34]} 21. Be2 {[%emt 0:02:59]} Rce8 {[%emt 0:00:59]} 22. Ne6 {[%emt 0:03:39]} Rf6 {[%emt 0:04:00]} 23. Rcd1 {[%emt 0:01:06]} Rxg6 {[%emt 0:01:34]} 24. Bh5 {[%emt 0:03:21]} Rexe6 {[%emt 0:05:39]} 25. dxe6 {[%emt 0:00:16]} Qxe6 {[%emt 0:09:09]} 26. Bxg6 {[%emt 0:02:52]} Qxg6 {[%emt 0:00:12]} 27. f3 {[%emt 0:02:03]} Qg5 {[%emt 0:02:22]} 28. f4 {[%emt 0:00:51]} Qc5+ {[%emt 0:00:08]} 29. Kh2 {[%emt 0:01:49]} Bxe4 {[%emt 0:01:38]} 30. Rde1 {[%emt 0:00:13]} Qh5+ {[%emt 0:12:10]} 31. Kg1 {[%emt 0:00:15]} Qf5 {[%emt 0:00:24]} 32. Qd8+ {[%emt 0:00:45]} Kh7 {[%emt 0:00:14]} 33. Qe7 {[%emt 0:00:09]} Bd3 {[%emt 0:01:43]} 34. Rf3 {[%emt 0:00:54]} Qf6 {[%emt 0:06:15]} 35. Qxa7 {[%emt 0:03:21]} Qxc3 {[%emt 0:01:17]} 36. Re8 {[%emt 0:01:21]} Qd4+ {[%emt 0:03:52]} 37. Kh2 {[%emt 0:00:15]} Qf6 {[%emt 0:05:30]} 38. Qc7 {[%emt 0:00:50]} Nc6 {[%emt 0:01:16]} 39. Rg3 {[%emt 0:00:22]} Bg6 {[%emt 0:00:14]} 40. Rc8 {[%emt 0:00:37]} Ne7 {[%emt 0:00:52]} 41. Rb8 {[%emt 0:00:55]} c3 {[%emt 0:09:48]} 42. Rxb6 {[%emt 0:00:14]} Qh4+ {[%emt 0:00:06]} 43. Rh3 {[%emt 0:00:09]} Qe1 {[%emt 0:00:06]} 44. Rg3 {[%emt 0:01:48]} Qe4 {[%emt 0:12:18]} 45. Rb5 {[%emt 0:01:00]} c2 {[%emt 0:00:40]} 46. Re5 {[%emt 0:00:56]} Bxe5 {[%emt 0:02:15]} 47. fxe5 {[%emt 0:00:14]} Qh4+ {[%emt 0:00:15]} 48. Rh3 Qf4+ {[%emt 0:00:32]} 49. Rg3 {[%emt 0:00:09]} c1=Q {[%emt 0:00:14]} 50. Qxe7+ {[%emt 0:00:07]} Qf7 {[%emt 0:00:05]} 51. Qd6 {[%emt 0:00:23]} Qcf4 {[%emt 0:00:27]} 52. Qc5 {[%emt 0:00:37]} Qh4+ {[%emt 0:00:09]} 53. Rh3 {[%emt 0:00:07]} Qff4+ {[%emt 0:00:06]} 54. g3 {[%emt 0:00:08]} Qfxg3+ {[%emt 0:00:05]} 0-1

[Event "Charlotte Holiday op"]
[Site "Charlotte USA"]
[Date "2021.12.30"]
[Round "9.6"]
[White "Preotu, Razvan"]
[Black "Beukes, Dante M"]
[Result "1-0"]
[WhiteElo "2473"]
[BlackElo "2144"]
[WhiteFideId "-1"]
[WhiteFideId "-1"]
[PlyCount "109"]
[GameId "2129404727552133"]
[EventDate "2021.12.26"]
[EventType "swiss"]
[EventRounds "9"]
[EventCountry "USA"]
[SourceTitle "10 Days #673"]
[Source "ChessMix"]
[SourceDate "2022.01.01"]
[SourceVersion "1"]
[SourceVersionDate "2022.01.01"]
[SourceQuality "1"]

1. e4 {[%emt 0:01:03]} c5 {[%emt 0:01:32]} 2. Nf3 {[%emt 0:00:12]} d6 {[%emt 0:00:10]} 3. d4 {[%emt 0:00:17]} cxd4 {[%emt 0:00:05]} 4. Nxd4 {[%emt 0:01:32]} Nf6 {[%emt 0:00:18]} 5. Nc3 {[%emt 0:00:09]} a6 {[%emt 0:00:03]} 6. Bc4 {[%emt 0:03:08]} e6 {[%emt 0:00:27]} 7. Bb3 {[%emt 0:00:30]} b5 {[%emt 0:00:08]} 8. Be3 {[%emt 0:00:41]} Be7 {[%emt 0:02:49]} 9. a3 {[%emt 0:03:16]} Qc7 {[%emt 0:02:04]} 10. Qe2 {[%emt 0:01:06]} Nc6 {[%emt 0:04:06]} 11. O-O-O {[%emt 0:08:45]} O-O {[%emt 0:09:20]} 12. g4 {[%emt 0:00:47]} Rb8 {[%emt 0:05:10]} 13. g5 {[%emt 0:00:55]} Ne8 {[%emt 0:01:02]} 14. h4 {[%emt 0:04:57]} Na5 {[%emt 0:01:29]} 15. Ba2 {[%emt 0:07:50]} d5 {[%emt 0:19:19]} 16. exd5 {[%emt 0:04:07]} Bxa3 {[%emt 0:03:08]} 17. Rd3 {[%emt 0:00:27]} e5 {[%emt 0:03:34]} 18. Nc6 {[%emt 0:01:44]} Nxc6 {[%emt 0:00:57]} 19. dxc6 {[%emt 0:00:08]} Bd6 {[%emt 0:03:39]} 20. g6 {[%emt 0:21:59]} Be6 {[%emt 0:07:10]} 21. Bxe6 {[%emt 0:02:43]} fxe6 {[%emt 0:00:09]} 22. Qg4 {[%emt 0:09:23]} Qxc6 {[%emt 0:06:58]} 23. Qxe6+ {[%emt 0:01:09]} Kh8 {[%emt 0:00:14]} 24. Qd5 {[%emt 0:01:28]} Qxd5 {[%emt 0:03:59]} 25. Rxd5 {[%emt 0:00:11]} hxg6 {[%emt 0:01:16]} 26. Rg1 {[%emt 0:01:05]} Bc7 {[%emt 0:05:32]} 27. Rxg6 {[%emt 0:00:21]} Nf6 {[%emt 0:00:28]} 28. Rc5 {[%emt 0:00:17]} Rf7 {[%emt 0:03:24]} 29. Rc6 {[%emt 0:03:11]} a5 {[%emt 0:03:08]} 30. Rc5 {[%emt 0:05:11]} b4 {[%emt 0:04:47]} 31. Nb5 {[%emt 0:00:16]} Bb6 {[%emt 0:00:08]} 32. Rxe5 {[%emt 0:00:10]} Bxe3+ {[%emt 0:00:04]} 33. fxe3 {[%emt 0:00:08]} Rd8 {[%emt 0:00:16]} 34. Nd4 {[%emt 0:00:26]} Nd5 {[%emt 0:00:30]} 35. Nf5 {[%emt 0:03:01]} a4 {[%emt 0:02:24]} 36. e4 {[%emt 0:10:07]} Nf4 {[%emt 0:03:06]} 37. Rd6 {[%emt 0:00:26]} Rfd7 {[%emt 0:01:36]} 38. Rxd7 {[%emt 0:00:42]} Rxd7 {[%emt 0:00:06]} 39. Ne3 {[%emt 0:02:19]} b3 {[%emt 0:03:44]} 40. Nd5 {[%emt 0:00:20]} Ne2+ {[%emt 0:00:16]} 41. Kd2 {[%emt 0:01:13]} Nd4 {[%emt 0:01:26]} 42. Re8+ {[%emt 0:00:06]} Kh7 {[%emt 0:00:09]} 43. c3 {[%emt 0:02:24]} Nf3+ {[%emt 0:01:14]} 44. Kc1 {[%emt 0:00:55]} Nxh4 {[%emt 0:00:24]} 45. c4 {[%emt 0:00:39]} Rf7 {[%emt 0:00:19]} 46. Kd2 {[%emt 0:00:57]} Rf2+ {[%emt 0:00:43]} 47. Kc3 {[%emt 0:00:06]} Rc2+ {[%emt 0:00:37]} 48. Kb4 {[%emt 0:00:05]} Nf3 {[%emt 0:00:25]} 49. Kxa4 {[%emt 0:01:31]} Rxc4+ {[%emt 0:00:35]} 50. Ka3 {[%emt 0:00:24]} Nd2 {[%emt 0:00:09]} 51. e5 {[%emt 0:00:13]} Rc5 {[%emt 0:00:22]} 52. Rd8 {[%emt 0:00:25]} Rc1 {[%emt 0:01:00]} 53. e6 {[%emt 0:00:20]} Re1 {[%emt 0:00:32]} 54. e7 {[%emt 0:00:08]} Nc4+ {[%emt 0:00:31]} 55. Kxb3 {[%emt 0:00:21]} 1-0

[Event "Titled Tuesday 2021.11.30"]
[Site "Chess.com INT"]
[Date "2021.11.30"]
[Round "1"]
[White "Terletsky, Oleg"]
[Black "Preotu, Razvan"]
[Result "0-1"]
[WhiteElo "2164"]
[BlackElo "2473"]
[WhiteFideId "-1"]
[WhiteFideId "-1"]
[PlyCount "74"]
[GameId "1722819180171264"]
[EventDate "2021.11.30"]
[EventType "swiss (blitz)"]
[EventRounds "11"]
[EventCountry "NET"]
[SourceTitle "CBM 205 Extra"]
[Source "ChessBase"]
[SourceDate "2022.01.31"]
[SourceVersion "1"]
[SourceVersionDate "2022.01.31"]
[SourceQuality "1"]

1. e4 c5 2. Nf3 d6 3. d4 cxd4 4. Nxd4 Nf6 5. Nc3 a6 6. Bc4 e6 7. O-O b5 8. Bb3 Be7 9. Qf3 Qb6 10. Be3 Qb7 11. Qg3 b4 12. Na4 O-O 13. f3 Nc6 14. Nxc6 Qxc6 15. Nb6 Rb8 16. Nxc8 Rbxc8 17. a3 bxa3 18. Rxa3 d5 19. exd5 Nxd5 20. Bd4 Bf6 21. Bxf6 Nxf6 22. Rfa1 Qb6+ 23. Qf2 Qb8 24. Rxa6 Rfd8 25. Ra7 Qf4 26. g3 Qe5 27. c3 Qb5 28. R1a3 Qg5 29. f4 Qf5 30. Bc2 Qh5 31. R3a5 Qh3 32. Rc5 Rxc5 33. Qxc5 Ng4 34. Rd7 Qxh2+ 35. Kf1 Ne3+ 36. Qxe3 Rxd7 37. Qe4 g6 0-1